000 00222nam a22000857a 4500
008 160928b xxu||||| |||| 00| 0 eng d
100 _9812
_aRidout.C.S.
245 _aEnglish-2 W.B
260 _aNew Delhi
_bB.Son. Publications
_c2011
999 _c3466
_d3466